000 nam a22 7a 4500
999 _c8171
_d8171
008 171205b xxu||||| |||| 00| 0 eng d
100 _aUpadhyay
_9289
245 _aLearn to play Sitar
260 _aNew Delhi
_bMini Books
_c2005